000 00386nam a22001457a 4500
003 SGT
082 _a617.84
_bI23B
100 _aBHATNAGAR, AASHI
245 _aIMPACT OF PHYSICAL - COGNITIVE TRAINING ON DIABETES ASSOCIATED DECREMENTS OF COGNITION AND BALANCE
260 _aGURUGRAM
_bSGT UNIVERSITY
_c2023
300 _a83
650 _aNEUROLOGY
653 _aMPT
942 _2ddc
_cTH
999 _c32182
_d32182